| 000 | 00868nam a2200349 a 4500 | ||
|---|---|---|---|
| 003 | AR-BaBNM | ||
| 005 | 20251128203406.0 | ||
| 008 | 082120s2002 ||||||||||||||000 | spa|| | ||
| 040 | _cAR-BaBNM | ||
| 100 | 1 | _aGarcía-Pelayo, Manuel | |
| 245 | 0 | 0 | _aDerecho constitucional comparado |
| 250 | _a4ª ed. corr. | ||
| 260 |
_aMadrid _bRevista de Occidente _c1957 |
||
| 300 | _a619 p. | ||
| 500 | _aIndice p. 607-619 | ||
| 504 | _aBibliografía a pie de página | ||
| 650 | 4 | _aDERECHO CONSTITUCIONAL | |
| 650 | 4 | _aCONSTITUCIONES | |
| 650 | 4 | _aLIBERALISMO | |
| 650 | 4 | _aDEMOCRACIA | |
| 650 | 4 | _aPARTIDOS POLITICOS | |
| 650 | 4 | _aESTADO | |
| 650 | 4 | _aHISTORIA DEL DERECHO | |
| 650 | 4 | _aMONARQUIA | |
| 651 | 4 | _aURSS | |
| 651 | 4 | _aSuiza | |
| 651 | 4 | _aReino Unido | |
| 651 | 4 | _aFrancia | |
| 651 | 4 | _aEstados Unidos | |
| 942 | _cBK | ||
| 998 | _cAndrea | ||
| 999 |
_c3176 _d3176 |
||